उदीयमान भारतीय समाज में अध्यापकः (Record no. 49554)

MARC details
000 -LEADER
fixed length control field 01452nam a22002657a 4500
005 - DATE AND TIME OF LATEST TRANSACTION
control field 20101206113148.0
008 - FIXED-LENGTH DATA ELEMENTS--GENERAL INFORMATION
fixed length control field 101206t xxu||||| |||| 00| 0 hin d
010 ## - LCCN (DPL NO)
LC control number HIN-91400
020 ## - INTERNATIONAL STANDARD BOOK NUMBER
Terms of availability 395.00
International Standard Book Number 8189102842
035 ## - SYSTEM CONTROL NUMBER
System control number HN-63746
037 ## - SOURCE OF ACQUISITION
Source of stock number/acquisition DBAD/PUB
040 ## - CATALOGING SOURCE
Original cataloging agency DPL
Language of cataloging HN
082 ## - DEWEY DECIMAL CLASSIFICATION NUMBER
Classification number 370.71
100 ## - MAIN ENTRY--PERSONAL NAME
9 (RLIN) 24598
Personal name शर्मा, एन.के.
245 ## - TITLE STATEMENT
Title उदीयमान भारतीय समाज में अध्यापकः
Statement of responsibility, etc एन.के.शर्मा एवं पुरूषोत्तम व्यास
246 ## - VARYING FORM OF TITLE
Title proper/short title Udiyamaan bhartiya samaj me adhapak
Remainder of title by n.k.sharma avm purushotum viaas
260 ## - PUBLICATION, DISTRIBUTION, ETC. (IMPRINT)
Place of publication, distribution, etc दिल्ली
Name of publisher, distributor, etc प्रेरणा प्रकाशन
Date of publication, distribution, etc 2010
270 ## - ADDRESS
City दिल्ली
Address सी-13, प्लाट नम्बर-2, डी-5, रोज अपार्टमेंट, सेक्टर-14 एक्सटेंशन, रोहिणी
Postal code 110085
Telephone number (ऑफिस) 65749511 (निवास) 27562163
Fax number 011- 23240261
Electronic mail address lakshythani@hotmail.com
300 ## - PHYSICAL DESCRIPTION
Extent 177पृ.
Dimensions 22सेमी (सजिल्द)
650 ## - SUBJECT ADDED ENTRY--TOPICAL TERM
9 (RLIN) 1169
700 ## - ADDED ENTRY--PERSONAL NAME
9 (RLIN) 24599
Personal name व्यास, पुरूषोत्तम
700 ## - ADDED ENTRY--PERSONAL NAME
9 (RLIN) 24924
942 ## - ADDED ENTRY ELEMENTS (KOHA)
Source of classification or shelving scheme Dewey Decimal Classification
Item type Hindi Books
Call number suffix शर्माए
Classification part 370.71
Holdings
Withdrawn status Lost status Source of classification or shelving scheme Damaged status Not for loan Collection code Home library Current library Date acquired Source of acquisition Cost, normal purchase price Total Checkouts Full call number Barcode Date last seen Copy number Cost, replacement price Koha item type
    Dewey Decimal Classification   Not For Loan Non-fiction D.B.Act.Division D.B.Act.Division 27/12/2010 DBAD /PUB 395.00   370.71शर्माए HN-63746 27/12/2010 1 395.00 Hindi Books

© Delhi Public Library
Hit Counter
free hit counter